Find the Countries of Europe - No Outlines Minefield Quiz Stats

 Plays Quiz Updated Jun 21, 2017

Score 0/47 Timer 05:00
148 Plays Today
% Correct
???
41.5%
???
41.4%
???
41.4%
???
41.2%
???
41.2%
???
41.2%
???
41.2%
???
40.9%
???
40.5%
???
40.3%
???
40.3%
???
40.2%
???
39.7%
???
39.6%
???
39.5%
???
36.8%
???
36.5%
???
35.7%
???
34.8%
???
34.4%
???
34.2%
???
33.7%
???
33.7%
???
33.4%
% Correct
???
30.6%
???
30.6%
???
30.5%
???
27.4%
???
26.7%
???
26.7%
???
26.7%
???
25.7%
???
25.3%
???
25.3%
???
25.3%
???
25.1%
???
24.7%
???
22.3%
???
21.4%
???
20.6%
???
20.1%
???
19.7%
???
19%
???
18.9%
???
18.9%
???
16.9%
???
14.8%

You're not logged in!

Compare scores with friends on all Sporcle quizzes.
OR
Log In

You Might Also Like...

Show Comments

Extras

Top Quizzes Today


Score Distribution

Your Account Isn't Verified!

In order to create a playlist on Sporcle, you need to verify the email address you used during registration. Go to your Sporcle Settings to finish the process.

Report this User

Report this user for behavior that violates our Community Guidelines.

Details: